When we were orphans/ (Record no. 196229)
[ view plain ]
| 000 -LEADER | |
|---|---|
| fixed length control field | 00382nam a22001577a 4500 |
| 005 - DATE AND TIME OF LATEST TRANSACTION | |
| control field | 20230607122149.0 |
| 010 ## - LCCN (DPL NO) | |
| LC control number | B-691398 |
| 020 ## - INTERNATIONAL STANDARD BOOK NUMBER | |
| Terms of availability | 599.00 |
| 035 ## - SYSTEM CONTROL NUMBER | |
| System control number | B-691398 |
| 100 ## - MAIN ENTRY--PERSONAL NAME | |
| Personal name | Kazuo Ishiguro |
| 245 ## - TITLE STATEMENT | |
| Title | When we were orphans/ |
| Statement of responsibility, etc | by Kazuo Ishiguro |
| 260 ## - PUBLICATION, DISTRIBUTION, ETC. (IMPRINT) | |
| Place of publication, distribution, etc | Delhi |
| Name of publisher, distributor, etc | Pansy Books |
| 270 ## - ADDRESS | |
| Address | Somesh Vihar |
| City | Delhi |
| Postal code | 110071 |
| 300 ## - PHYSICAL DESCRIPTION | |
| Extent | vp. |
| Dimensions | 22cm |
| 942 ## - ADDED ENTRY ELEMENTS (KOHA) | |
| Source of classification or shelving scheme | Dewey Decimal Classification |
| Item type | English Books |
| Call number suffix | KAZ |
| Withdrawn status | Lost status | Not for loan | Home library | Current library | Date acquired | Cost, normal purchase price | Full call number | Barcode | Copy number | Cost, replacement price | Koha item type |
|---|---|---|---|---|---|---|---|---|---|---|---|
| Sarojini Nagar | Sarojini Nagar | 07/06/2023 | 599.00 | KAZ | B-691398 | 1 | 599.00 | English Books |
